000 00759nam a22002417a 4500
005 20140730105124.0
010 _aENG-107376
020 _a9781259029431
_c195.00
020 _a1259029433
_c195.00
035 _aEN-90909
035 _aB-527976-988
037 _bDBAD/PUB
037 _bKBD/Ven
_adpl
082 _a005.133
100 _aMcGrath, Mike
245 _aPHP & mySQL :
_cby Mike McGrath
_bin easy steps /
260 _aNew Delhi
_bTata Mc Graw Hill
_c2012
270 _aP-24, Green Park Extension
_bNew Delhi
_e110016
300 _a192p.:
_c24cm(pbk)
_bill.
500 _aIncludes index
942 _2ddc
_cEN
_mMCG
_h005.133
999 _c75964
_d75964